[Event "SVK-chT2D 1516"]
[Site "Slovakia"]
[Date "2015.10.18"]
[Round "2.8"]
[White "Nemergut, Miroslav"]
[Black "Nadzamova, Viktoria"]
[Result "0-1"]
[WhiteElo "1000"]
[BlackElo "1548"]
[PlyCount "102"]
[EventDate "2015.10.17"]
[EventType "team-tourn"]
[EventRounds "11"]
[EventCountry "SVK"]
[SourceTitle "CBM 169 Extra"]
[Source "ChessBase"]
[SourceDate "2015.12.18"]
[SourceVersion "1"]
[SourceVersionDate "2015.12.18"]
[SourceQuality "1"]
[WhiteTeam "Stara Lubovna SO II"]
[BlackTeam "Kosice Slavia UPJS III"]
[WhiteTeamCountry "SVK"]
[BlackTeamCountry "SVK"]

1. e4 c5 2. d4 cxd4 3. Qxd4 Nc6 4. Qd1 Nf6 5. Nc3 a6 6. Nf3 Qc7 7. g3 e6 8. Bf4 d6 9. a3 Be7 10. b4 Nxb4 11. axb4 Qxc3+ 12. Bd2 Qc7 13. Bd3 0-0 14. 0-0 e5 15. Bg5 Bg4 16. Be2 Nxe4 17. Bxe7 Qxe7 18. Qd3 Nxf2 19. Rxf2 e4 20. Qe3 Bxf3 21. Bxf3 Qf6 22. Ra5 exf3 23. Rxf3 Qe6 24. Qf4 Rae8 25. Kg2 Qe2+ 26. Rf2 Qe4+ 27. Qxe4 Rxe4 28. b5 Re5 29. c4 axb5 30. cxb5 b6 31. Ra7 Rxb5 32. Rd2 Rd8 33. Rf2 f6 34. Re2 Rg5 35. Ree7 d5 36. Rab7 d4 37. Kf3 d3 38. Rbd7 Rxd7 39. Rxd7 b5 40. Rxd3 Kf7 41. Kf4 Ke6 42. h4 Rf5+ 43. Kg4 b4 44. Re3+ Re5 45. Rb3 Rb5 46. Kf4 Kd5 47. Ke3 Kc4 48. Rb1 b3 49. Rc1+ Kb4 50. Kd3 b2 51. Rc4+ Ka5 0-1